000 00997namaa2200217 i 4500
001 174187
003 ES-MaACL
005 20230906215447.0
008 100302s1923 sp | |||| ||spa d
080 _a582.739
100 1 _aAlvarado, Salustio.
_920597
245 1 3 _aEl origen de los cloroplastos en las hojas de "cicer arietinum" :
_buna investigación histológica y crítica sobre la teoría de la dualidad del condrioma en las fanerógamas /
_cpor Salustio Alvarado.
260 _aMadrid :
_bJunta para Ampliación de Estudios e Investigaciones Científicas,
_c1923.
300 _a43 p., I h. de lám. :
_bil. ;
_c23 cm.
490 1 _aTrabajos del Museo Nacional de Ciencias Naturales. Serie botánica ;
_v17
650 4 _aGarbanzo.
_9142283
710 2 _aJunta para la Ampliación de Estudios e Investigaciones Científicas.
_95413
830 1 _aTrabajos del Museo Nacional de Ciencias Naturales. Serie botánica ;
_v17
_9189324
852 4 _aES-MaACL
_jB-13138(3)
999 _c174187
_d174187